00666nam a22001937a 450000500170000001000150001702000260003203500140005803700090007208200100008110000330009124500670012426000360019127000550022730000190028294200240030199900190032595201280034420240416143737.0 aENG-140176 c150.00a9788190383318 aEN-123708 bDBAD a305.4 aBhattacharya, Susmita964760 aHow Different is the Damned Gender?/cDr. Susmita Bhattacharya aKolkata bS. Bhattacharyac2012 a12, Sardar Shankar Road Kolkata bKolkata e700026 a36p.c22cm(pb) 2ddccENmBHAh305.4 c202210d202210 001040708NFICaAVbAVd2024-04-16eDBADg150.00l0oBHA 305.4pEN-123708r2024-04-16 00:00:00t1v150.00w2024-04-16yEN